| 000 | 00553nam a2200181Ia 4500 | ||
|---|---|---|---|
| 003 | STCL | ||
| 008 | 181203s9999 xx 000 0 und d | ||
| 020 | _a9788182667976 | ||
| 040 |
_aSTCL _bEN _cSTCL |
||
| 082 | _222 | ||
| 100 | _aHardy, Thomas | ||
| 245 | 0 | _aമൂന്നു അപരിചിതരും മറ്റു കഥകളും | |
| 246 | _aMoonnu Aparichitharum Mattu Kathakalum / The Three Strangers and Other Stories | ||
| 260 |
_bMathrubhumi Books _aKozhikode _c2016 |
||
| 300 | _a232 | ||
| 546 | _aMalayalam | ||
| 942 |
_2ddc _cBK |
||
| 999 |
_c85479 _d85479 |
||